Musiciens morts jeunes - Statistiques

Statistiques générales
  • Ce quiz a été pris 17 222 fois
  • Le résultat moyen est 9 sur 20
Statistiques - réponses
Âge Date et lieu Cause Titre Réponse % Correct
45 1991, Londres Pneumonie / Suites du SIDA We will rock you Freddie Mercury
81%
40 1980, New York Assassiné par un fan Imagine John Lennon
80%
27 2011, Londres Overdose d'alcool Rehab Amy Winehouse
76%
33 1986, Mali Accident d'hélicoptère Mon fils, ma bataille Daniel Balavoine
75%
27 1994, Seattle Suicide Come as you are Kurt Cobain
71%
39 1978, Paris Œdème pulmonaire après électrocution Comme d'habitude Claude François
66%
25 1996, Las Vegas Fusillade au volant California Love Tupac Shakur
66%
23 2007, Suresnes Complications de la mucoviscidose Écris l'histoire Grégory Lemarchal
65%
35 1791, Vienne Fièvre ? Requiem Wolfgang A. Mozart
53%
42 1977, Memphis Crise cardiaque Jailhouse Rock Elvis Presley
51%
41 1980, Papeete Infarctus du myocarde Et si tu n'existais pas Joe Dassin
43%
36 1981, Miami Cancer Buffalo Soldier Bob Marley
36%
24 1997, Los Angeles Fusillade au volant Juicy The Notorious B.I.G.
33%
27 1970, Londres Asphyxie suite à la prise de barbituriques Voodoo Child Jimi Hendrix
31%
44 1984, Los Angeles Assassiné par son père Sexual Healing Marvin Gaye
28%
27 1971, Paris Crise cardiaque Riders on the Storm Jim Morrison
27%
28 1975, Boulogne-Bill. Chute du 6e étage d'un immeuble Laisse-moi t'aimer Mike Brant
25%
27 1970, Los Angeles Overdose d'héroïne Piece of my Heart Janis Joplin
19%
26 1967, Wisconsin Accident d'avion The Dock of the Bay Otis Redding
10%
21 1979, New York Overdose d'héroïne God Save the Queen Sid Vicious
10%
Aucun quiz correspondant
Distribution des résultats
% des personnes avec chaque résultat
Percentile par nombre de réponses
Votre historique - résultats
Vous n’avez pas pris ce quiz